000 00269nam a2200109 a 4500
005 20140412111327.0
008 110121s19uu xx 00 eng d
050 _aER
_bBa11 1987
100 _aGikow, Louise
245 _aBaby Piggy's Night at the ball.
999 _c104699
_d104699